| 000 | 00736nam a22001577a 4500 | ||
|---|---|---|---|
| 008 | 111109t xxu||||| |||| 00| 0 eng d | ||
| 050 | _aHB71.M62 | ||
| 100 | _aMiernyk, William H. | ||
| 245 |
_aThe elements of inputs-output analysis / _cWilliam, H. Miernyk |
||
| 260 |
_aNew York: _bRandom House, _cc1965. |
||
| 300 |
_avii,156 p.: _bill. _c21cm. |
||
| 500 | _aIncludes bibliographical references and index. | ||
| 505 | _aContents: Introduction -- Input-output analysis -- Applications of input-output analysis -- Regional and interregional input-output analysis -- International developments -- The Frontiers of input-output analysis -- The Rudiments of inputs-output mathematics. | ||
| 650 | _aInput-output analysis | ||
| 942 |
_2lcc _cBK |
||
| 999 |
_c255 _d7755 |
||